Jean Paul II à l'Afrique : (Record no. 2216)

MARC details
000 -LEADER
fixed length control field 00855cam a2200253Li 4500
001 - CONTROL NUMBER
control field ocm79895850
003 - CONTROL NUMBER IDENTIFIER
control field OCoLC
005 - DATE AND TIME OF LATEST TRANSACTION
control field 20130502101711.0
008 - FIXED-LENGTH DATA ELEMENTS--GENERAL INFORMATION
fixed length control field 030707s2002 fr e 000 0 fre d
040 ## - CATALOGING SOURCE
Original cataloging agency RLINP
Language of cataloging eng
Transcribing agency RLINP
Modifying agency OCLCQ
020 ## - INTERNATIONAL STANDARD BOOK NUMBER
International Standard Book Number 2748007069
020 ## - INTERNATIONAL STANDARD BOOK NUMBER
International Standard Book Number 9782748007060
035 ## - SYSTEM CONTROL NUMBER
System control number (OCoLC)79895850
082 04 - DEWEY DECIMAL CLASSIFICATION NUMBER
Classification number 262.13
Edition number 21
049 ## - LOCAL HOLDINGS (OCLC)
Holding library TZAA
100 1# - MAIN ENTRY--PERSONAL NAME
Personal name Katshioko Kapita, Omer.
245 10 - TITLE STATEMENT
Title Jean Paul II à l'Afrique :
Remainder of title un message d'espérance /
Statement of responsibility, etc abbé Omer Katshioko Kapita ; préf. de Mgr Leonard André Mutien ...
260 ## - PUBLICATION, DISTRIBUTION, ETC. (IMPRINT)
Place of manufacture (Paris :
Name of publisher, distributor, etc Ed. des écrivains, 2002)
300 ## - PHYSICAL DESCRIPTION
Extent 131 p. ;
Dimensions 21 cm.
500 ## - GENERAL NOTE
General note Contient un choix de textes de Jean-Paul II.
600 04 - SUBJECT ADDED ENTRY--PERSONAL NAME
Personal name Jean-Paul
Numeration II,
Titles and other words associated with a name pape,
Dates associated with a name 1920- ...
General subdivision Et l'Afrique.
650 #7 - SUBJECT ADDED ENTRY--TOPICAL TERM
Topical term or geographic name as entry element Église catholique
Geographic subdivision Afrique
General subdivision Documents pontificaux.
Source of heading or term ram
994 ## -
-- C0
-- TZACH

No items available.

African Court on Human and Peoples' Rights | For Inquiries Contact » +255 272 510 510